[Event "NOR-ch Klasse1"]
[Site "Stavanger"]
[Date "2017.07.07"]
[Round "8"]
[White "Haugsdal, Arn Tore"]
[Black "Simensen, Vegard"]
[Result "0-1"]
[WhiteElo "2043"]
[BlackElo "1938"]
[PlyCount "35"]
[EventDate "2017.07.01"]
[EventType "swiss"]
[EventRounds "9"]
[EventCountry "NOR"]
[SourceTitle "EXT 2018"]
[Source "ChessBase"]
[SourceDate "2017.10.13"]
[SourceVersion "1"]
[SourceVersionDate "2017.10.13"]
[SourceQuality "1"]

1. e4 c5 2. Nf3 Nc6 3. d4 cxd4 4. c3 d3 5. Bxd3 g6 6. h4 d6 7. h5 Bg7 8. h6 Bf6 9. Qb3 Qc7 10. Na3 a6 11. Nc4 Be6 12. Qb6 Rc8 13. Be3 Nb8 14. Nfd2 Nd7 15. Qb4 Nc5 16. Bc2 b5 17. Na5 Bd7 18. a4 0-1

[Event "Politiken Cup 37th"]
[Site "Helsingor"]
[Date "2015.08.01"]
[Round "9"]
[White "Lund, Gunnar"]
[Black "Simensen, Vegard"]
[Result "1/2-1/2"]
[WhiteElo "1765"]
[BlackElo "1859"]
[PlyCount "82"]
[EventDate "2015.07.25"]
[EventType "swiss"]
[EventRounds "10"]
[EventCountry "DEN"]
[SourceTitle "CBM 167 Extra"]
[Source "ChessBase"]
[SourceDate "2015.09.14"]
[SourceVersion "1"]
[SourceVersionDate "2015.09.14"]
[SourceQuality "1"]

1. e4 c5 2. Nc3 a6 3. f4 b5 4. Nf3 Bb7 5. d3 e6 6. Be3 d5 7. exd5 exd5 8. d4 c4 9. g3 Nf6 10. Bg2 Bd6 11. 0-0 0-0 12. Ne5 b4 13. Ne2 Nc6 14. c3 a5 15. Nxc6 Bxc6 16. f5 Re8 17. Bf4 Ng4 18. Qd2 Bxf4 19. Nxf4 bxc3 20. bxc3 Qd6 21. Rae1 Nf6 22. Bf3 h6 23. Nh5 Nh7 24. Rxe8+ Rxe8 25. f6 g5 26. Bg4 Bd7 27. Bxd7 Qxd7 28. Ng7 Re4 29. Nf5 h5 30. h4 Qe6 31. hxg5 Re2 32. Qf4 Nf8 33. Qh4 Qe4 34. Ne7+ Kh8 35. Qxh5+ Nh7 36. Qf3 Qxf3 37. Rxf3 Nxg5 38. Rf5 Nh7 39. g4 Nxf6 40. Rxf6 Rxe7 41. Kf2 Ra7 1/2-1/2

[Event "Politiken Cup 37th"]
[Site "Helsingor"]
[Date "2015.07.25"]
[Round "1"]
[White "Nielsen, Hogni Egilstoft"]
[Black "Simensen, Vegard"]
[Result "1-0"]
[WhiteElo "2338"]
[BlackElo "1859"]
[PlyCount "87"]
[EventDate "2015.07.25"]
[EventType "swiss"]
[EventRounds "10"]
[EventCountry "DEN"]
[SourceTitle "CBM 167 Extra"]
[Source "ChessBase"]
[SourceDate "2015.09.14"]
[SourceVersion "1"]
[SourceVersionDate "2015.09.14"]
[SourceQuality "1"]

1. e4 c5 2. c3 d5 3. exd5 Nf6 4. Bb5+ Nbd7 5. c4 a6 6. Bxd7+ Bxd7 7. d4 Qc7 8. Ne2 g6 9. Bf4 Qa5+ 10. Qd2 Qxd2+ 11. Nxd2 cxd4 12. Nxd4 Bg7 13. Be5 0-0 14. 0-0 Rac8 15. a4 Bh6 16. N4f3 Nh5 17. b3 Nf4 18. g3 Nd3 19. Bd4 Bh3 20. Rfd1 Nb4 21. Ne1 Bf5 22. Ndf3 Nc2 23. Ra2 Nxd4 24. Nxd4 Bg4 25. f3 Bd7 26. Re2 Rfe8 27. Nd3 Bg7 28. Ne5 Red8 29. Kg2 Bf6 30. Re4 Kg7 31. Rde1 Rc7 32. f4 Bc8 33. h3 Kf8 34. g4 h6 35. Rf1 Kg8 36. g5 Bg7 37. gxh6 Bxh6 38. f5 g5 39. Kf2 Kg7 40. Ng4 Rd6 41. Rfe1 Kf8 42. f6 Rxf6+ 43. Nxf6 exf6 44. d6 1-0

[Event "NOR-ch Class1"]
[Site "Oslo"]
[Date "2015.07.09"]
[Round "7"]
[White "Simensen, Vegard"]
[Black "Hegvik, Leif Trygve"]
[Result "0-1"]
[WhiteElo "1729"]
[BlackElo "1757"]
[PlyCount "70"]
[EventDate "2015.07.04"]
[EventType "swiss"]
[EventRounds "9"]
[EventCountry "NOR"]
[SourceTitle "EXT 2017"]
[Source "ChessBase"]
[SourceDate "2016.10.25"]
[SourceVersion "1"]
[SourceVersionDate "2016.10.25"]
[SourceQuality "1"]

1. d4 d5 2. c4 c6 3. Nf3 Nf6 4. e3 a6 5. Bd3 Bg4 6. h3 Bh5 7. Nbd2 Nbd7 8. Qc2 Bg6 9. Bxg6 hxg6 10. Ne5 e6 11. Ndf3 Bd6 12. 0-0 Ne4 13. b3 g5 14. Nxd7 Qxd7 15. Ne5 Qe7 16. f3 Ng3 17. Re1 Rd8 18. Bd2 Qf6 19. Ng4 Qf5 20. e4 dxe4 21. fxe4 Qg6 22. Ba5 Rd7 23. Rad1 0-0 24. Qd3 Bf4 25. Bd2 Bc7 26. Bc3 Rfd8 27. Qf3 Nh5 28. d5 cxd5 29. exd5 exd5 30. Rxd5 Rxd5 31. cxd5 Nf4 32. Rd1 Qc2 33. Rd2 Qc1+ 34. Kf2 Bb6+ 35. Kg3 Nh5+ 0-1

[Event "NOR-ch U20"]
[Site "Lillehammer"]
[Date "2013.06.29"]
[Round "1"]
[White "Simensen, Vegard"]
[Black "Haug, Johannes"]
[Result "0-1"]
[WhiteElo "1868"]
[BlackElo "2050"]
[PlyCount "70"]
[EventDate "2013.06.29"]
[EventType "swiss"]
[EventRounds "9"]
[EventCountry "NOR"]
[SourceTitle "EXT 2014"]
[Source "ChessBase"]
[SourceDate "2013.11.20"]
[SourceVersion "1"]
[SourceVersionDate "2013.11.20"]
[SourceQuality "1"]

1. d4 Nf6 2. c4 g6 3. g3 Bg7 4. Bg2 d5 5. cxd5 Nxd5 6. Nf3 0-0 7. 0-0 Nc6 8. Nc3 Bf5 9. Nh4 Be6 10. e4 Nxc3 11. bxc3 Bc4 12. Re1 b5 13. a3 a5 14. e5 Qd7 15. Qc2 a4 16. Nf3 Bd5 17. Ng5 Na5 18. e6 fxe6 19. Bxd5 exd5 20. Ne6 Rf7 21. Bf4 Nb3 22. Rad1 Rc8 23. Qe2 c5 24. Ng5 Rf5 25. Qxe7 Qxe7 26. Rxe7 Bf6 27. Rf7 h6 28. Rxf6 Rxf6 29. Be5 Rfc6 30. Nf3 cxd4 31. Nxd4 Rxc3 32. Nxb5 Rc1 33. Rxc1 Rxc1+ 34. Kg2 Rc5 35. Nd6 d4 0-1

[Event "NOR-chT Clubs"]
[Site "Fagernes"]
[Date "2012.06.09"]
[Round "4"]
[White "Simensen, Vegard"]
[Black "Bjerke, Silje"]
[Result "0-1"]
[WhiteElo "1802"]
[BlackElo "2238"]
[PlyCount "104"]
[EventDate "2012.06.08"]
[EventType "team-swiss"]
[EventRounds "6"]
[EventCountry "NOR"]
[SourceTitle "CBM 148 Extra"]
[Source "ChessBase"]
[SourceDate "2012.06.22"]
[SourceVersion "1"]
[SourceVersionDate "2012.06.22"]
[SourceQuality "1"]
[WhiteTeam "Kristiansund"]
[BlackTeam "Oslo SK 1911"]
[WhiteTeamCountry "NOR"]
[BlackTeamCountry "NOR"]

1. d4 d5 2. Nf3 Nf6 3. c4 c6 4. e3 Bf5 5. Bd3 Bxd3 6. Qxd3 e6 7. 0-0 Nbd7 8. Nc3 Be7 9. Bd2 0-0 10. Rfe1 dxc4 11. Qxc4 c5 12. Qb3 cxd4 13. exd4 Qb6 14. Qxb6 Nxb6 15. Ne5 Rfd8 16. Be3 Rac8 17. Rec1 Nfd5 18. Nxd5 Nxd5 19. a3 Kf8 20. Rxc8 Rxc8 21. Rc1 Rxc1+ 22. Bxc1 Nb6 23. Kf1 Bd6 24. Nf3 Nd5 25. g3 Ke7 26. Ke2 f6 27. Kd3 Bc7 28. Nd2 b5 29. Ne4 Bb6 30. Nc3 Nc7 31. Bf4 a6 32. f3 Ne8 33. b4 g5 34. Bc1 Nd6 35. a4 h6 36. axb5 Nxb5 37. Ne2 Kd6 38. f4 Kd5 39. Bb2 Bc7 40. Bc1 Bd6 41. Bd2 Be7 42. Be1 g4 43. Bd2 f5 44. Nc3+ Nxc3 45. Bxc3 Bf6 46. Bb2 h5 47. Bc3 Bh8 48. Bb2 Bg7 49. Bc3 Bf6 50. Bb2 h4 51. Bc3 h3 52. Bb2 Bh4 0-1